000
00330nam a22001457a 4500
008
230630b ||||| |||| 00| 0 eng d
020
_a
9781932628258
041
_a
eng
080
_2
FOURTH EDITION
_a
51
082
_a
51WRI
100
_a
23
101
_a
MATE
245
_a
PREALGEBRA A WORKTEXT
_c
WRIGHT .F.D
942
_2
udc
_c
BK
999
_c
60062
_d
60062